Los diarios secretos de las chicas (in) completas / (Registro nro. 4348)
[ vista simple ]
| 000 -LEADER | |
|---|---|
| fixed length control field | 01134nam a2200253Ia 4500 |
| 003 - CONTROL NUMBER IDENTIFIER | |
| control field | OSt |
| 005 - DATE AND TIME OF LATEST TRANSACTION | |
| control field | 20250611162656.0 |
| 008 - FIXED-LENGTH DATA ELEMENTS--GENERAL INFORMATION | |
| fixed length control field | 191128s2018 ck er 000 f spa d |
| 020 ## - INTERNATIONAL STANDARD BOOK NUMBER | |
| International Standard Book Number | 9789583057182 |
| 040 ## - CATALOGING SOURCE | |
| Original cataloging agency | CO-JMCR |
| Transcribing agency | CO-JMCR |
| 041 ## - LANGUAGE CODE | |
| Language code of text/sound track or separate title | spa |
| 082 04 - DEWEY DECIMAL CLASSIFICATION NUMBER | |
| Classification number | J-N |
| Item number | MENd |
| 100 1# - MAIN ENTRY--PERSONAL NAME | |
| Personal name | Mendoza Luna, Miguel, |
| Relator term | autor |
| 9 (RLIN) | 7612 |
| 245 14 - TITLE STATEMENT | |
| Title | Los diarios secretos de las chicas (in) completas / |
| Statement of responsibility, etc. | Miguel Mendoza Luna |
| 250 ## - EDITION STATEMENT | |
| Edition statement | Primera edición |
| 260 ## - PUBLICATION, DISTRIBUTION, ETC. | |
| Place of publication, distribution, etc. | Bogotá : |
| Name of publisher, distributor, etc. | Panamericana, |
| Date of publication, distribution, etc. | 2018 |
| 300 ## - PHYSICAL DESCRIPTION | |
| Extent | 304 páginas ; |
| Dimensions | 20 cm. |
| 490 0# - SERIES STATEMENT | |
| Series statement | Jóvenes adultos |
| 500 ## - GENERAL NOTE | |
| General note | Recomendado para mayores de 14 años. |
| 505 ## - FORMATTED CONTENTS NOTE | |
| Formatted contents note | La decisión -- Soy Mariana -- No digan nada de mí -- Soy Berenice -- Una pequeña ayuda para mamá -- Werther recargado -- El mal de amor lejano -- Las batallas de papá -- |
| 520 ## - SUMMARY, ETC. | |
| Summary, etc. | Mariana es una adolescente como cualquier otra, salvo porque acaban de diagnosticarle un cáncer que compromete su pierna. Su sueño es volver a jugar fútbol, y en sus terapias de recuperación un psicólogo muy particular le entrega un extraño diario. |
| 650 14 - SUBJECT ADDED ENTRY--TOPICAL TERM | |
| Topical term or geographic name entry element | Novela juvenil |
| 9 (RLIN) | 7613 |
| 942 ## - ADDED ENTRY ELEMENTS (KOHA) | |
| Source of classification or shelving scheme | Dewey Decimal Classification |
| Koha item type | Books |
| Withdrawn status | Lost status | Source of classification or shelving scheme | Damaged status | Not for loan | Collection code | Home library | Current library | Date acquired | Source of acquisition | Total Checkouts | Full call number | Barcode | Date last seen | Date last checked out | Copy number | Koha item type |
|---|---|---|---|---|---|---|---|---|---|---|---|---|---|---|---|---|
| Dewey Decimal Classification | Fiction | Biblioteca Pública José María del Castillo y Rada | Biblioteca Pública José María del Castillo y Rada | 11/28/2019 | Donación | 2 | J-N MENd | 201809193 | 02/05/2024 | 02/05/2024 | Ej.1 | Books |